[Event "DEM U14 2020"]
[Site "Willingen GER"]
[Date "2020.10.21"]
[Round "2"]
[White "Costa, Leonardo"]
[Black "Bungarten, Jona"]
[Result "1/2-1/2"]
[Termination "normal"]
[Board "2"]
[WhiteElo "2165"]
[BlackElo "1834"]
[WhiteClock "00:10:52"]
[BlackClock "00:35:24"]
[PlyCount "110"]
[WhiteFideId "16213955"]
[BlackFideId "16223608"]
[EventCountry "GER"]
[EventRounds "7"]
[EventType "swiss"]
[EventDate "2020.10.19"]

1. e4 {[%clk 1:30:59]} e5 {[%clk 1:30:53]} 2. Nf3 {[%clk 1:31:24]} Nc6 {[%clk
1:31:15]} 3. Bc4 {[%clk 1:31:50]} Nf6 {[%clk 1:31:37]} 4. d3 {[%clk 1:32:15]}
h6 {[%clk 1:31:17]} 5. c3 {[%clk 1:22:03]} d6 {[%clk 1:30:39]} 6. O-O {[%clk
1:16:43]} g5 {[%clk 1:28:52]} 7. Be3 {[%clk 1:15:47]} Rg8 {[%clk 1:26:16]} 8.
Nbd2 {[%clk 1:11:32]} g4 {[%clk 1:23:36]} 9. Ne1 {[%clk 1:11:52]} Nh5 {[%clk
1:09:22]} 10. d4 {[%clk 1:04:17]} Nf4 {[%clk 1:06:49]} 11. Nd3 {[%clk 0:53:09]}
Qf6 {[%clk 1:05:13]} 12. Bxf4 {[%clk 0:45:03]} exf4 {[%clk 1:05:32]} 13. e5
{[%clk 0:45:18]} Qf5 {[%clk 1:01:20]} 14. Qe2 {[%clk 0:28:57]} f3 {[%clk
0:56:33]} 15. Qe4 {[%clk 0:28:08]} dxe5 {[%clk 0:55:22]} 16. Bb5 {[%clk
0:25:57]} Qxe4 {[%clk 0:46:42]} 17. Nxe4 {[%clk 0:26:23]} Bg7 {[%clk 0:47:03]}
18. Nxe5 {[%clk 0:20:18]} Bxe5 {[%clk 0:44:59]} 19. dxe5 {[%clk 0:19:19]} Rg6
{[%clk 0:45:05]} 20. Nf6+ {[%clk 0:15:08]} Kf8 {[%clk 0:44:15]} 21. Bxc6 {[%clk
0:14:56]} bxc6 {[%clk 0:44:39]} 22. c4 {[%clk 0:14:03]} Be6 {[%clk 0:43:56]}
23. b3 {[%clk 0:14:25]} Ke7 {[%clk 0:42:30]} 24. Ne4 {[%clk 0:11:42]} Bf5
{[%clk 0:39:00]} 25. Nc5 {[%clk 0:12:09]} Rd8 {[%clk 0:37:23]} 26. Rad1 {[%clk
0:12:32]} Rgg8 {[%clk 0:37:22]} 27. Nb7 {[%clk 0:09:46]} Rd7 {[%clk 0:37:26]}
28. Rxd7+ {[%clk 0:09:35]} Bxd7 {[%clk 0:37:26]} 29. Nc5 {[%clk 0:08:22]} Bf5
{[%clk 0:37:47]} 30. Rd1 {[%clk 0:08:15]} h5 {[%clk 0:36:18]} 31. Kf1 {[%clk
0:06:44]} h4 {[%clk 0:36:09]} 32. Rd4 {[%clk 0:06:53]} fxg2+ {[%clk 0:31:44]}
33. Kxg2 {[%clk 0:07:16]} Rg5 {[%clk 0:30:08]} 34. Rd2 {[%clk 0:02:57]} Be6
{[%clk 0:27:58]} 35. Re2 {[%clk 0:03:20]} Rf5 {[%clk 0:27:02]} 36. Re4 {[%clk
0:03:12]} Rg5 {[%clk 0:24:24]} 37. Re3 {[%clk 0:02:52]} Rf5 {[%clk 0:24:24]}
38. Re4 {[%clk 0:02:39]} Rg5 {[%clk 0:24:41]} 39. a3 {[%clk 0:02:34]} Bf5
{[%clk 0:24:01]} 40. Re3 {[%clk 0:02:06]} Be6 {[%clk 0:23:49]} 41. Kf1 {[%clk
0:21:38]} Rf5 {[%clk 0:49:06]} 42. Ke2 {[%clk 0:21:18]} Rf4 {[%clk 0:49:14]}
43. Na6 {[%clk 0:18:35]} Bf5 {[%clk 0:45:50]} 44. Nc5 {[%clk 0:16:18]} Rd4
{[%clk 0:44:04]} 45. Rc3 {[%clk 0:15:10]} Rf4 {[%clk 0:43:54]} 46. Na6 {[%clk
0:15:19]} Bc8 {[%clk 0:38:45]} 47. Nb4 {[%clk 0:12:46]} Bd7 {[%clk 0:37:35]}
48. Re3 {[%clk 0:12:06]} Rd4 {[%clk 0:36:43]} 49. a4 {[%clk 0:11:49]} a5 {[%clk
0:35:05]} 50. Na6 {[%clk 0:11:55]} Bf5 {[%clk 0:34:18]} 51. Nxc7 {[%clk
0:11:09]} Be4 {[%clk 0:34:32]} 52. Na6 {[%clk 0:10:11]} Bf3+ {[%clk 0:34:44]}
53. Kf1 {[%clk 0:10:35]} Rd1+ {[%clk 0:34:50]} 54. Re1 {[%clk 0:10:55]} Bg2+
{[%clk 0:35:01]} 55. Ke2 {[%clk 0:10:52]} Bf3+ {[%clk 0:35:24]} 1/2-1/2

[Event "DEM U14 2020"]
[Site "Willingen GER"]
[Date "2020.10.21"]
[Round "2"]
[White "Schubert, Nikita"]
[Black "Hommer, Jeremy"]
[Result "1/2-1/2"]
[Termination "normal"]
[Board "3"]
[WhiteElo "1946"]
[BlackElo "2246"]
[WhiteClock "00:09:22"]
[BlackClock "00:13:40"]
[PlyCount "47"]
[WhiteFideId "16212339"]
[BlackFideId "12992577"]
[EventCountry "GER"]
[EventRounds "7"]
[EventType "swiss"]
[EventDate "2020.10.19"]

1. d4 {[%clk 1:30:57]} Nf6 {[%clk 1:30:49]} 2. c4 {[%clk 1:31:22]} e6 {[%clk
1:31:12]} 3. g3 {[%clk 1:31:44]} d5 {[%clk 1:22:43]} 4. Nf3 {[%clk 1:31:52]}
Be7 {[%clk 1:17:54]} 5. Bg2 {[%clk 1:32:01]} O-O {[%clk 1:18:10]} 6. O-O {[%clk
1:32:05]} b6 {[%clk 1:15:45]} 7. Ne5 {[%clk 1:20:31]} Bb7 {[%clk 1:14:27]} 8.
Nc3 {[%clk 1:19:42]} Nbd7 {[%clk 1:09:18]} 9. Qa4 {[%clk 1:11:29]} c6 {[%clk
0:54:17]} 10. Nxd7 {[%clk 0:51:16]} Qxd7 {[%clk 0:53:46]} 11. Rd1 {[%clk
0:51:07]} Rfd8 {[%clk 0:48:21]} 12. e4 {[%clk 0:38:33]} dxe4 {[%clk 0:47:11]}
13. Nxe4 {[%clk 0:38:36]} c5 {[%clk 0:43:13]} 14. Nxf6+ {[%clk 0:33:06]} Bxf6
{[%clk 0:43:26]} 15. Qxd7 {[%clk 0:32:16]} Rxd7 {[%clk 0:43:55]} 16. Bxb7
{[%clk 0:32:45]} Rxb7 {[%clk 0:44:24]} 17. Be3 {[%clk 0:30:19]} Rc8 {[%clk
0:42:16]} 18. b3 {[%clk 0:22:06]} Rbb8 {[%clk 0:37:41]} 19. Rd2 {[%clk
0:16:41]} Rd8 {[%clk 0:27:27]} 20. Rad1 {[%clk 0:16:51]} cxd4 {[%clk 0:27:00]}
21. Bxd4 {[%clk 0:17:18]} Be7 {[%clk 0:27:00]} 22. Bc3 {[%clk 0:10:58]} Rxd2
{[%clk 0:14:14]} 23. Rxd2 {[%clk 0:11:16]} Rd8 {[%clk 0:13:40]} 24. Rxd8+
{[%clk 0:09:22]} 1/2-1/2

[Event "DEM U14 2020"]
[Site "Willingen GER"]
[Date "2020.10.21"]
[Round "2"]
[White "Haack, Kevin"]
[Black "Albert, Markus"]
[Result "0-1"]
[Termination "normal"]
[Board "4"]
[WhiteElo "2209"]
[BlackElo "1727"]
[WhiteClock "00:02:00"]
[BlackClock "00:17:59"]
[PlyCount "126"]
[WhiteFideId "16228715"]
[BlackFideId "16292626"]
[EventCountry "GER"]
[EventRounds "7"]
[EventType "swiss"]
[EventDate "2020.10.19"]

1. c4 {[%clk 1:30:56]} e5 {[%clk 1:30:41]} 2. g3 {[%clk 1:31:13]} Nc6 {[%clk
1:30:52]} 3. Bg2 {[%clk 1:31:37]} Bc5 {[%clk 1:31:14]} 4. Nc3 {[%clk 1:31:51]}
d6 {[%clk 1:31:29]} 5. e3 {[%clk 1:31:17]} a6 {[%clk 1:31:00]} 6. Nf3 {[%clk
1:26:01]} Ba7 {[%clk 1:28:48]} 7. d4 {[%clk 1:21:25]} Bd7 {[%clk 1:23:54]} 8.
O-O {[%clk 1:20:27]} Nge7 {[%clk 1:20:43]} 9. a3 {[%clk 1:15:45]} O-O {[%clk
1:16:02]} 10. b4 {[%clk 1:14:37]} exd4 {[%clk 1:11:31]} 11. Nxd4 {[%clk
1:13:38]} Rb8 {[%clk 1:08:38]} 12. Bb2 {[%clk 1:11:31]} Re8 {[%clk 1:04:00]}
13. Nce2 {[%clk 1:09:27]} Ne5 {[%clk 0:58:49]} 14. Qc2 {[%clk 1:06:37]} N7g6
{[%clk 0:50:10]} 15. Rad1 {[%clk 1:03:49]} Qc8 {[%clk 0:44:04]} 16. Qc3 {[%clk
1:00:22]} f6 {[%clk 0:34:19]} 17. Bc1 {[%clk 0:52:17]} Ne7 {[%clk 0:20:13]} 18.
e4 {[%clk 0:47:51]} N7c6 {[%clk 0:06:10]} 19. Kh1 {[%clk 0:43:53]} Bg4 {[%clk
0:05:23]} 20. f3 {[%clk 0:41:37]} Bd7 {[%clk 0:03:58]} 21. Be3 {[%clk 0:40:47]}
Nxd4 {[%clk 0:03:30]} 22. Nxd4 {[%clk 0:39:07]} c5 {[%clk 0:02:56]} 23. Nc2
{[%clk 0:33:47]} Nf7 {[%clk 0:02:18]} 24. Rb1 {[%clk 0:23:50]} Qc7 {[%clk
0:02:02]} 25. Rfd1 {[%clk 0:22:39]} Red8 {[%clk 0:02:06]} 26. b5 {[%clk
0:19:48]} axb5 {[%clk 0:02:24]} 27. cxb5 {[%clk 0:20:12]} Be6 {[%clk 0:02:33]}
28. Nb4 {[%clk 0:16:54]} Qa5 29. Nd5 {[%clk 0:16:24]} Qxc3 {[%clk 0:02:42]} 30.
Nxc3 {[%clk 0:16:49]} Bb6 {[%clk 0:03:04]} 31. Nd5 {[%clk 0:14:15]} Ba5 {[%clk
0:03:00]} 32. Bf1 {[%clk 0:11:39]} Ne5 {[%clk 0:03:11]} 33. f4 {[%clk 0:10:06]}
Ng4 {[%clk 0:03:28]} 34. Bg1 {[%clk 0:09:21]} f5 {[%clk 0:03:32]} 35. exf5
{[%clk 0:08:55]} Bf7 {[%clk 0:02:21]} 36. Bc4 {[%clk 0:07:44]} Re8 {[%clk
0:02:32]} 37. h3 {[%clk 0:06:45]} Re4 {[%clk 0:02:30]} 38. Ne7+ {[%clk
0:04:23]} Rxe7 {[%clk 0:02:30]} 39. Bxf7+ {[%clk 0:04:48]} Kxf7 {[%clk
0:02:54]} 40. hxg4 {[%clk 0:05:13]} Rd8 {[%clk 0:02:57]} 41. Bf2 Re2 {[%clk
0:02:46]} 42. Kg1 {[%clk 0:01:27]} Ra2 {[%clk 0:02:48]} 43. b6 {[%clk 0:25:21]}
Ke7 {[%clk 0:25:03]} 44. Rb3 {[%clk 0:19:32]} c4 {[%clk 0:22:57]} 45. Re3+
{[%clk 0:18:41]} Kd7 {[%clk 0:22:43]} 46. Re4 {[%clk 0:15:03]} Rc8 {[%clk
0:19:12]} 47. Re6 {[%clk 0:12:53]} Rd2 {[%clk 0:18:07]} 48. Rc1 {[%clk
0:11:12]} c3 {[%clk 0:17:59]} 49. Ree1 {[%clk 0:09:54]} c2 {[%clk 0:17:36]} 50.
Rf1 {[%clk 0:06:55]} Re2 {[%clk 0:17:22]} 51. Bd4 {[%clk 0:04:54]} Bd2 {[%clk
0:17:06]} 52. Bxg7 {[%clk 0:03:58]} Be3+ {[%clk 0:17:15]} 53. Kh1 {[%clk
0:04:15]} Bxc1 {[%clk 0:17:27]} 54. Rxc1 {[%clk 0:04:39]} Rce8 {[%clk 0:17:45]}
55. Bc3 {[%clk 0:04:55]} Rc8 {[%clk 0:17:43]} 56. Bb2 Rd2 {[%clk 0:17:54]} 57.
Kg1 {[%clk 0:03:41]} Rc3 {[%clk 0:16:56]} 58. f6 {[%clk 0:02:57]} Rxg3+ {[%clk
0:17:12]} 59. Kh1 {[%clk 0:02:18]} Rd1+ {[%clk 0:16:57]} 60. Kh2 {[%clk
0:02:42]} Rxc1 {[%clk 0:17:19]} 61. Bxc1 {[%clk 0:03:04]} Rd3 {[%clk 0:17:29]}
62. f5 {[%clk 0:01:55]} Rd1 {[%clk 0:17:42]} 63. Bg5 {[%clk 0:02:00]} Ke8
{[%clk 0:17:59]} 0-1

[Event "DEM U14 2020"]
[Site "Willingen GER"]
[Date "2020.10.21"]
[Round "2"]
[White "Tham, Nam"]
[Black "Bakiev, Diyor"]
[Result "0-1"]
[Termination "normal"]
[Board "5"]
[WhiteElo "1890"]
[BlackElo "2070"]
[WhiteClock "00:41:35"]
[BlackClock "00:11:24"]
[PlyCount "56"]
[WhiteFideId "12997331"]
[BlackFideId "16241584"]
[EventCountry "GER"]
[EventRounds "7"]
[EventType "swiss"]
[EventDate "2020.10.19"]

1. e4 {[%clk 1:30:57]} Nf6 {[%clk 1:30:45]} 2. e5 {[%clk 1:31:18]} Nd5 {[%clk
1:31:10]} 3. d4 {[%clk 1:30:56]} d6 {[%clk 1:31:33]} 4. c4 {[%clk 1:31:00]} Nb6
{[%clk 1:31:57]} 5. exd6 {[%clk 1:30:55]} cxd6 {[%clk 1:32:20]} 6. Nc3 {[%clk
1:31:04]} g6 {[%clk 1:32:45]} 7. Be3 {[%clk 1:31:09]} Bg7 {[%clk 1:33:08]} 8.
Rc1 {[%clk 1:31:03]} O-O {[%clk 1:33:29]} 9. b3 {[%clk 1:29:49]} Bf5 {[%clk
1:33:21]} 10. Be2 {[%clk 1:27:36]} d5 {[%clk 1:31:50]} 11. c5 {[%clk 1:22:11]}
Nc8 {[%clk 1:31:23]} 12. Bf3 {[%clk 1:21:27]} e6 {[%clk 1:07:26]} 13. g4 {[%clk
1:16:05]} Be4 {[%clk 1:06:58]} 14. Nxe4 {[%clk 1:16:26]} dxe4 {[%clk 1:07:23]}
15. Bxe4 {[%clk 1:16:50]} Nc6 {[%clk 1:06:39]} 16. Ne2 {[%clk 1:16:42]} N8e7
{[%clk 1:03:05]} 17. O-O {[%clk 1:15:19]} Nd5 {[%clk 0:49:42]} 18. Bxd5 {[%clk
1:09:49]} Qxd5 {[%clk 0:49:13]} 19. Nc3 {[%clk 1:10:09]} Qd7 {[%clk 0:48:26]}
20. d5 {[%clk 1:08:15]} exd5 {[%clk 0:48:25]} 21. Nxd5 {[%clk 1:08:11]} Rad8
{[%clk 0:46:52]} 22. Nf4 {[%clk 1:07:54]} Qc8 {[%clk 0:45:42]} 23. Qe2 {[%clk
1:05:29]} Nd4 {[%clk 0:41:18]} 24. Bxd4 {[%clk 1:00:08]} Rxd4 {[%clk 0:41:22]}
25. Ng2 {[%clk 0:58:40]} Rxg4 {[%clk 0:23:34]} 26. Rfd1 {[%clk 0:54:06]} Rg5
{[%clk 0:19:59]} 27. Qe7 {[%clk 0:48:19]} Bh6 {[%clk 0:14:08]} 28. Rc3 {[%clk
0:41:35]} Qg4 {[%clk 0:11:24]} 0-1

[Event "DEM U14 2020"]
[Site "Willingen GER"]
[Date "2020.10.21"]
[Round "2"]
[White "Laux, Dominik"]
[Black "Raasch, Hauke"]
[Result "1-0"]
[Termination "normal"]
[Board "6"]
[WhiteElo "2009"]
[BlackElo "1676"]
[WhiteClock "00:53:09"]
[BlackClock "00:32:24"]
[PlyCount "53"]
[WhiteFideId "12994219"]
[BlackFideId "16210034"]
[EventCountry "GER"]
[EventRounds "7"]
[EventType "swiss"]
[EventDate "2020.10.19"]

1. d4 {[%clk 1:30:43]} Nf6 {[%clk 1:30:45]} 2. Bg5 {[%clk 1:30:51]} Ne4 {[%clk
1:30:50]} 3. Bf4 {[%clk 1:31:09]} e6 {[%clk 1:30:53]} 4. e3 {[%clk 1:31:03]} d5
{[%clk 1:27:48]} 5. Bd3 {[%clk 1:30:24]} Bd6 {[%clk 1:26:09]} 6. Ne2 {[%clk
1:29:32]} f5 {[%clk 1:25:51]} 7. O-O {[%clk 1:28:25]} O-O {[%clk 1:25:59]} 8.
c4 {[%clk 1:25:56]} c6 {[%clk 1:24:47]} 9. Nbc3 {[%clk 1:25:08]} g5 {[%clk
1:23:00]} 10. Bxd6 {[%clk 1:24:16]} Qxd6 {[%clk 1:23:20]} 11. f4 {[%clk
1:19:44]} Nd7 {[%clk 1:17:01]} 12. Bxe4 {[%clk 1:11:05]} fxe4 {[%clk 1:15:34]}
13. fxg5 {[%clk 1:10:15]} Qe7 {[%clk 1:14:19]} 14. Nf4 {[%clk 1:09:11]} Nb6
{[%clk 0:59:09]} 15. Qh5 {[%clk 1:01:25]} Rf5 {[%clk 0:56:47]} 16. h4 {[%clk
0:58:05]} Qf7 {[%clk 0:47:40]} 17. Qxf7+ {[%clk 0:55:33]} Rxf7 {[%clk 0:47:46]}
18. b3 {[%clk 0:55:46]} Bd7 {[%clk 0:46:16]} 19. c5 {[%clk 0:54:40]} Nc8 {[%clk
0:46:38]} 20. Nh5 {[%clk 0:54:36]} b6 {[%clk 0:34:01]} 21. b4 {[%clk 0:51:37]}
bxc5 {[%clk 0:33:41]} 22. bxc5 {[%clk 0:52:01]} Rb8 {[%clk 0:34:06]} 23. Rxf7
{[%clk 0:51:43]} Kxf7 {[%clk 0:34:28]} 24. Rf1+ {[%clk 0:52:07]} Kg6 {[%clk
0:33:15]} 25. g4 {[%clk 0:52:21]} h6 {[%clk 0:32:04]} 26. Rf6+ {[%clk 0:52:47]}
Kh7 {[%clk 0:32:24]} 27. Rf7+ {[%clk 0:53:09]} 1-0

[Event "DEM U14 2020"]
[Site "Willingen GER"]
[Date "2020.10.21"]
[Round "2"]
[White "Farokhi, Keyvan"]
[Black "Kageler, Anton Paul"]
[Result "1-0"]
[Termination "normal"]
[Board "7"]
[WhiteElo "2001"]
[BlackElo "1664"]
[WhiteClock "00:21:07"]
[BlackClock "00:03:27"]
[PlyCount "57"]
[WhiteFideId "12998630"]
[BlackFideId "16244850"]
[EventCountry "GER"]
[EventRounds "7"]
[EventType "swiss"]
[EventDate "2020.10.19"]

1. d4 {[%clk 1:30:54]} Nf6 {[%clk 1:30:52]} 2. Bf4 {[%clk 1:31:17]} g6 {[%clk
1:31:04]} 3. Nc3 {[%clk 1:31:39]} d5 {[%clk 1:31:14]} 4. e3 {[%clk 1:32:02]}
Bg7 {[%clk 1:30:28]} 5. h4 {[%clk 1:32:22]} O-O {[%clk 1:24:37]} 6. h5 {[%clk
1:31:54]} c5 {[%clk 1:19:50]} 7. hxg6 {[%clk 1:30:22]} hxg6 {[%clk 1:19:28]} 8.
Qd2 {[%clk 1:27:12]} Nc6 {[%clk 1:13:23]} 9. dxc5 {[%clk 1:05:50]} e5 {[%clk
1:04:19]} 10. Bg5 {[%clk 1:05:12]} d4 {[%clk 1:00:08]} 11. Bxf6 {[%clk
1:01:13]} Bxf6 {[%clk 0:31:55]} 12. Ne4 {[%clk 1:01:09]} dxe3 {[%clk 0:31:46]}
13. Qxe3 {[%clk 0:58:34]} Bg7 {[%clk 0:28:48]} 14. Bc4 {[%clk 0:56:02]} Na5
{[%clk 0:26:08]} 15. Bd3 {[%clk 0:50:55]} Be6 {[%clk 0:25:26]} 16. O-O-O {[%clk
0:48:15]} Qc7 {[%clk 0:24:22]} 17. Ng5 {[%clk 0:43:08]} Rfe8 {[%clk 0:22:49]}
18. Bb5 {[%clk 0:40:23]} Nc6 {[%clk 0:16:57]} 19. Nxe6 {[%clk 0:38:18]} Rxe6
{[%clk 0:16:59]} 20. Bc4 {[%clk 0:37:52]} Ree8 {[%clk 0:16:48]} 21. Rd6 {[%clk
0:32:51]} Ne7 {[%clk 0:14:40]} 22. Qf3 {[%clk 0:32:37]} Rf8 {[%clk 0:14:09]}
23. Qh3 {[%clk 0:33:00]} Rfd8 {[%clk 0:13:22]} 24. Qf3 {[%clk 0:28:08]} Rf8
{[%clk 0:13:09]} 25. Rf6 {[%clk 0:26:11]} Qxc5 {[%clk 0:03:27]} 26. Qh3 {[%clk
0:20:41]} Rfc8 {[%clk 0:03:00]} 27. Qh7+ {[%clk 0:20:51]} Kf8 {[%clk 0:03:07]}
28. Rxf7+ {[%clk 0:20:52]} Ke8 {[%clk 0:03:27]} 29. Qxg7 {[%clk 0:21:07]} 1-0

[Event "DEM U14 2020"]
[Site "Willingen GER"]
[Date "2020.10.21"]
[Round "2"]
[White "Schwartz, Oliver"]
[Black "Halabi, Ibrahim"]
[Result "0-1"]
[Termination "normal"]
[Board "8"]
[WhiteElo "1794"]
[BlackElo "1895"]
[WhiteClock "00:16:14"]
[BlackClock "00:37:34"]
[PlyCount "80"]
[WhiteFideId "16207459"]
[BlackFideId "16241754"]
[EventCountry "GER"]
[EventRounds "7"]
[EventType "swiss"]
[EventDate "2020.10.19"]

1. e4 {[%clk 1:30:55]} c5 {[%clk 1:30:54]} 2. Nf3 {[%clk 1:31:19]} d6 {[%clk
1:31:21]} 3. d4 {[%clk 1:31:41]} cxd4 {[%clk 1:31:47]} 4. Nxd4 {[%clk 1:32:05]}
Nf6 {[%clk 1:32:12]} 5. Nc3 {[%clk 1:32:28]} a6 {[%clk 1:32:36]} 6. f3 {[%clk
1:32:51]} e5 {[%clk 1:33:02]} 7. Nb3 {[%clk 1:33:14]} Be6 {[%clk 1:33:25]} 8.
Be3 {[%clk 1:33:37]} Be7 {[%clk 1:33:49]} 9. Qd2 {[%clk 1:34:00]} O-O {[%clk
1:34:11]} 10. O-O-O {[%clk 1:34:21]} Nbd7 {[%clk 1:33:37]} 11. g4 {[%clk
1:34:39]} b5 {[%clk 1:34:01]} 12. g5 {[%clk 1:35:03]} b4 {[%clk 1:34:26]} 13.
gxf6 {[%clk 1:35:27]} bxc3 {[%clk 1:34:45]} 14. Qxc3 {[%clk 1:35:52]} Nxf6
{[%clk 1:35:07]} 15. Na5 {[%clk 1:36:13]} Qd7 {[%clk 1:35:16]} 16. Qc6 {[%clk
1:35:21]} Rfc8 {[%clk 1:35:11]} 17. Qxd7 {[%clk 1:35:16]} Nxd7 {[%clk 1:35:34]}
18. b3 {[%clk 1:32:39]} Rc3 {[%clk 1:34:22]} 19. Kd2 {[%clk 1:14:59]} Rcc8
{[%clk 1:26:25]} 20. c4 {[%clk 0:53:12]} Nc5 {[%clk 1:12:48]} 21. Kc2 {[%clk
0:47:42]} Bd8 {[%clk 1:09:12]} 22. Bd2 {[%clk 0:46:43]} f5 {[%clk 1:07:33]} 23.
Bh3 {[%clk 0:34:46]} fxe4 {[%clk 1:06:03]} 24. Bxe6+ {[%clk 0:35:01]} Nxe6
{[%clk 1:06:25]} 25. fxe4 {[%clk 0:35:16]} Nd4+ {[%clk 0:58:41]} 26. Kb2 {[%clk
0:31:42]} Rab8 {[%clk 0:58:08]} 27. Rc1 {[%clk 0:29:47]} Rc5 {[%clk 0:54:30]}
28. Ka3 {[%clk 0:26:34]} Bxa5 {[%clk 0:51:23]} 29. b4 {[%clk 0:26:44]} Nc6
{[%clk 0:43:43]} 30. bxa5 {[%clk 0:19:54]} Nxa5 {[%clk 0:42:03]} 31. Bb4 {[%clk
0:18:59]} Nxc4+ {[%clk 0:42:17]} 32. Ka4 {[%clk 0:17:27]} Nb2+ {[%clk 0:40:29]}
33. Ka3 {[%clk 0:17:36]} Rxb4 {[%clk 0:40:06]} 34. Rb1 {[%clk 0:15:45]} Rxe4
{[%clk 0:38:21]} 35. Rxb2 {[%clk 0:15:19]} Ra5+ {[%clk 0:38:24]} 36. Kb3 {[%clk
0:15:32]} Rb5+ {[%clk 0:38:37]} 37. Ka3 {[%clk 0:15:46]} Re3+ {[%clk 0:38:27]}
38. Rb3 {[%clk 0:16:10]} Rexb3+ {[%clk 0:38:24]} 39. axb3 {[%clk 0:16:32]} e4
{[%clk 0:38:38]} 40. Rf1 {[%clk 0:16:14]} Re5 {[%clk 0:37:34]} 0-1

[Event "DEM U14 2020"]
[Site "Willingen GER"]
[Date "2020.10.21"]
[Round "2"]
[White "Bui, Bao Anh Le"]
[Black "Lerchl, Clemens"]
[Result "1-0"]
[Termination "normal"]
[Board "9"]
[WhiteElo "2149"]
[BlackElo "1699"]
[WhiteClock "00:02:08"]
[BlackClock "00:00:54"]
[PlyCount "83"]
[WhiteFideId "12970719"]
[BlackFideId "16226372"]
[EventCountry "GER"]
[EventRounds "7"]
[EventType "swiss"]
[EventDate "2020.10.19"]

1. e4 {[%clk 1:30:30]} c5 {[%clk 1:30:56]} 2. Nf3 {[%clk 1:30:53]} d6 {[%clk
1:31:23]} 3. d4 {[%clk 1:31:17]} Nf6 {[%clk 1:31:48]} 4. dxc5 {[%clk 1:30:31]}
Nxe4 {[%clk 1:32:10]} 5. cxd6 {[%clk 1:30:45]} Nc6 {[%clk 1:32:35]} 6. dxe7
{[%clk 1:31:04]} Qxd1+ {[%clk 1:32:58]} 7. Kxd1 {[%clk 1:31:29]} Nxf2+ {[%clk
1:33:23]} 8. Ke1 {[%clk 1:31:55]} Nxh1 {[%clk 1:33:47]} 9. exf8=Q+ Rxf8 {[%clk
1:33:54]} 10. Bd3 {[%clk 1:32:45]} Bg4 {[%clk 1:33:58]} 11. Bd2 {[%clk
1:32:54]} O-O-O {[%clk 1:34:12]} 12. Bc3 {[%clk 1:33:16]} Rfe8+ {[%clk
1:30:50]} 13. Kf1 {[%clk 1:32:28]} Bxf3 {[%clk 1:01:28]} 14. gxf3 {[%clk
1:31:55]} Ne5 {[%clk 1:01:12]} 15. Bxe5 {[%clk 1:25:34]} Rxe5 {[%clk 1:01:33]}
16. Nc3 {[%clk 1:25:12]} Rh5 {[%clk 0:57:41]} 17. Kg2 {[%clk 1:20:30]} Nf2
{[%clk 0:57:48]} 18. Kxf2 {[%clk 1:20:54]} Rxh2+ {[%clk 0:58:12]} 19. Kg3
{[%clk 1:21:16]} Rh5 {[%clk 0:43:31]} 20. Re1 {[%clk 1:19:13]} a6 {[%clk
0:41:59]} 21. f4 {[%clk 1:09:06]} Rc5 {[%clk 0:33:33]} 22. Kf3 {[%clk 0:56:36]}
g6 {[%clk 0:30:59]} 23. Ne4 {[%clk 0:54:27]} Ra5 {[%clk 0:26:43]} 24. a3 {[%clk
0:54:20]} h5 {[%clk 0:23:02]} 25. Ng5 {[%clk 0:46:18]} Rd7 {[%clk 0:20:56]} 26.
Re8+ {[%clk 0:45:25]} Rd8 {[%clk 0:14:41]} 27. Re5 {[%clk 0:20:42]} Rxe5 {[%clk
0:13:56]} 28. fxe5 {[%clk 0:20:23]} Rf8 {[%clk 0:12:15]} 29. Bc4 {[%clk
0:18:34]} Kd7 {[%clk 0:06:23]} 30. Bxf7 {[%clk 0:16:38]} Ke7 {[%clk 0:06:27]}
31. e6 {[%clk 0:16:27]} Rd8 {[%clk 0:06:30]} 32. Ne4 {[%clk 0:12:33]} Rd4
{[%clk 0:05:36]} 33. Ke3 {[%clk 0:07:12]} Rd8 {[%clk 0:05:21]} 34. Nc3 {[%clk
0:03:58]} h4 35. Kf3 g5 {[%clk 0:03:04]} 36. Ne4 {[%clk 0:02:34]} Rd4 {[%clk
0:01:48]} 37. Nxg5 {[%clk 0:02:28]} Rd2 {[%clk 0:01:40]} 38. Nh3 {[%clk
0:02:02]} Rxc2 {[%clk 0:01:18]} 39. Nf4 {[%clk 0:02:25]} Rxb2 {[%clk 0:01:03]}
40. Nd5+ {[%clk 0:02:07]} Kf8 {[%clk 0:01:11]} 41. Bh5 {[%clk 0:02:08]} Rb3+
{[%clk 0:00:54]} 42. Ke4 1-0